00236 a2200109 4500001000700000020000600007040001100013100002000024240003900044245003400083362000900117169561 a  cMagnum aHostie, Raymond10aTecnicas de dinamica de grupolESP10aTecnicas de dinamica de grupo0 a1899